000 01686cam a2200385 a 4500
999 _c233725
_d233725
001 14550103
003 Nust
005 20170310145835.0
008 060913s2007 mau 000 1 eng
010 _a 2006030466
020 _a0618531467
020 _a9780747593850
035 _a(OCoLC)ocm71348717
035 _a(OCoLC)71348717
040 _aDLC
_cDLC
_dBAKER
_dYDXCP
_dJQQ
_dC#P
_dBTCTA
_dVP@
_dDLC
043 _aa-cc---
050 0 0 _aPS3563.I4614
_bL37 2007
082 0 0 _a813.54
_bMIN
100 1 _aMin, Anchee,
_d1957-
245 1 4 _aThe last empress /
_cAnchee Min.
260 _aBoston :
_bHoughton Mifflin,
_c2007.
300 _ax, 415 p. ;
_c24 cm.
600 0 0 _aCixi,
_cEmpress dowager of China,
_d1835-1908
_vFiction.
650 0 _aEmpresses
_zChina
_vFiction.
651 0 _aChina
_xHistory
_yTongzhi, 1861-1875
_vFiction.
651 0 _aChina
_xHistory
_yGuangxu, 1875-1908
_vFiction.
651 0 _aChina
_xHistory
_y19th century
_vFiction.
655 7 _aBiographical fiction.
_2gsafd
655 7 _aHistorical fiction.
_2gsafd
856 4 2 _3Publisher description
_uhttp://www.loc.gov/catdir/enhancements/fy0702/2006030466-d.html
856 4 1 _3Sample text
_uhttp://www.loc.gov/catdir/enhancements/fy0728/2006030466-s.html
856 4 2 _3Contributor biographical information
_uhttp://www.loc.gov/catdir/enhancements/fy0737/2006030466-b.html
906 _a7
_bcbc
_corignew
_d1
_eecip
_f20
_gy-gencatlg
942 _2ddc
_cBK